ALPHA DRIVE ONE - Membres par photo - Statistiques

Statistiques générales
  • Ce quiz a été pris 13 fois
  • Le résultat moyen est 5 sur 8
Statistiques - réponses
Par images Réponse % Correct
Anxin
100%
Leo
100%
Arno
67%
Junseo
50%
Sanghyeon
50%
Xinlong
50%
Geonwoo
33%
Sangwoo
0%
Aucun quiz correspondant
Distribution des résultats
% des personnes avec chaque résultat
Percentile par nombre de réponses
Votre historique - résultats
Vous n’avez pas pris ce quiz